000 00562nam a22002177a 4500
003 UA-OsUOA
001 41339
007 ta
008 20060920b un ||||| |||| 00| 0 ukr d
100 _aNielsen K.
090 _a510
942 _cBK
040 _aUA-OsUOA
_beng
_cUA-OsUOA
_dUA-OsUOA
245 _aMathematics
300 _a237 с.
955 _a2
041 _aeng
080 _a510
650 7 _a510 Фундаментальні та загальні проблеми математики. Основи математики
_2UDC
999 _c327480
_d327480